النكته دي جديدة / (رقم التسجيلة. 113067)
[ عرض عادي ]
| 000 -LEADER | |
|---|---|
| fixed length control field | 00467nam a22001697a 4500 |
| 005 - DATE AND TIME OF LATEST TRANSACTION | |
| control field | 20251108174606.0 |
| 008 - FIXED-LENGTH DATA ELEMENTS--GENERAL INFORMATION | |
| fixed length control field | 250721s9999 xx 000 0 ara d |
| 082 14 - DEWEY DECIMAL CLASSIFICATION NUMBER | |
| Classification number | 817/مرز |
| 100 1# - MAIN ENTRY--PERSONAL NAME | |
| Personal name | مرزوق، إبراهيم |
| 245 10 - TITLE STATEMENT | |
| Title | النكته دي جديدة / |
| 264 1# - PRODUCTION, PUBLICATION, DISTRIBUTION, MANUFACTURE, AND COPYRIGHT NOTICE | |
| Place of production, publication, distribution, manufacture | القاهرة : |
| Name of producer, publisher, distributor, manufacturer | المركز العربي الحديث، |
| Date of production, publication, distribution, manufacture, or copyright notice | (200-). |
| 300 ## - PHYSICAL DESCRIPTION | |
| Extent | 96ص. |
| 650 17 - SUBJECT ADDED ENTRY--TOPICAL TERM | |
| Topical term or geographic name as entry element | الضحك |
| 650 17 - SUBJECT ADDED ENTRY--TOPICAL TERM | |
| Topical term or geographic name as entry element | النكات |
| 942 ## - ADDED ENTRY ELEMENTS (KOHA) | |
| Source of classification or shelving scheme | Dewey Decimal Classification |
| Koha item type | كتب |
| حالة السحب | حالة الفقدان | مصدر التصنيف | حالة التلف | غير قابل للإعارة | المكتبة الرئيسية | المكتبة الحالية | موقع الرف | تاريخ التزويد | الرقم المتسلسل | Total Checkouts | رقم الإستدعاء | الباركود | تاريخ آخر ظهور | تاريخ الفاتورة | نوع المادة (كوها) |
|---|---|---|---|---|---|---|---|---|---|---|---|---|---|---|---|
| Dewey Decimal Classification | مكتبة أبو علندا العامة | مكتبة أبو علندا العامة | الإعارة | 26/10/2008 | 589971 | 817/مرز | PLD00046758 | 28/07/2025 | 26/10/2008 | كتب | |||||
| Dewey Decimal Classification | مكتبة أم قصير والمقابلين العامة | مكتبة أم قصير والمقابلين العامة | الإعارة | 14/07/2008 | 589970 | 817/مرز | PLD00028238 | 28/07/2025 | 14/07/2008 | كتب | |||||
| Dewey Decimal Classification | مكتبة النصر العامة | مكتبة النصر العامة | الإعارة | 30/03/2015 | 589973 | 817/مرز | PLD00380577 | 28/07/2025 | 30/03/2015 | كتب |